Cricket: Highest Individual ODI Score by Country - Statistics

General Stats
  • This quiz has been taken 36 times
  • The average score is 7 of 12
Answer Stats
Country Year Score Answer % Correct
New Zealand 2015 237* (163) Martin Guptill
91%
India 2014 264 (173) Rohit Sharma
91%
West Indies 2015 215 (147) Chris Gayle
88%
England 2018 180 (151) Jason Roy
74%
Australia 2011 185* (96) Shane Watson
74%
Sri Lanka 2000 189 (161) Sanath Jayasuriya
68%
Pakistan 2018 210* (156) Fakhar Zaman
65%
South Africa 1996 188* (159) Gary Kirsten
47%
Zimbabwe 2009 194* (156) Charles Coventry
38%
Ireland 2010 177 (134) Paul Stirling
38%
Bangladesh 2020 176 (143) Liton Das
29%
Afghanistan 2015 131* (133) Mohammad Shahzad
24%
No matching quizzes found
Score Distribution
Percent of People with Each Score
Percentile by Number Answered
Your Score History
You have not taken this quiz